[Event "TUR Cup"]
[Site "Antalya"]
[Date "2020.01.27"]
[Round "3"]
[White "Pekin, Turker Erdem"]
[Black "Karamanoglu, Orhan"]
[Result "1-0"]
[WhiteElo "1133"]
[BlackElo "1079"]
[PlyCount "105"]
[EventDate "2020.01.26"]
[EventType "swiss"]
[EventRounds "11"]
[EventCountry "TUR"]
[SourceTitle "CBM 194 Extra"]
[Source "ChessBase"]
[SourceDate "2020.03.31"]
[SourceVersion "1"]
[SourceVersionDate "2020.03.31"]
[SourceQuality "1"]

1. e4 e5 2. Nf3 Nc6 3. d4 Nf6 4. Nc3 d6 5. Bc4 Bg4 6. d5 Nd4 7. Be3 Nxf3+ 8. gxf3 Bh5 9. Qe2 a6 10. a4 h6 11. 0-0-0 Be7 12. Rdg1 0-0 13. Bxh6 Bg6 14. Bd2 b5 15. Bb3 Qd7 16. h4 c6 17. Bg5 b4 18. Na2 c5 19. Bxf6 Bxf6 20. h5 Bh7 21. Qe3 Qe7 22. Kb1 g5 23. hxg6 fxg6 24. Nc1 g5 25. Ne2 Bg7 26. Rxg5 Rf7 27. Rgh5 Raf8 28. Rxh7 Rxf3 29. Qc1 Rxf2 30. Ng3 Qf7 31. Nf5 Rxf5 32. exf5 Qxf5 33. Qg1 Qf1+ 34. Qxf1 Rxf1+ 35. Rxf1 Kxh7 36. Kc1 a5 37. Rf7 Kg6 38. Ra7 Bh6+ 39. Kd1 e4 40. Rxa5 Kf5 41. Ra8 Ke5 42. a5 e3 43. Ke2 Kd4 44. a6 c4 45. a7 c3 46. bxc3+ Kxc3 47. Rc8+ Kd4 48. a8Q Bf4 49. Qa7+ Ke4 50. Qh7+ Kd4 51. Kf3 Ke5 52. Qg6 e2 53. Qe6+ 1-0